| 000 | 00495nam a22001697a 4500 | ||
|---|---|---|---|
| 020 | _a0-934035-02-4 | ||
| 082 |
_a620.00420285 _bKEN |
||
| 100 |
_aKent, Dorothy., _940551 |
||
| 245 |
_aAutocad Reference Guide _cKent, Dorothy., |
||
| 250 | _a2nd ed. | ||
| 260 |
_aGresham, Oregon : _bNew Riders. _cc1991. |
||
| 300 |
_avi, 304 p. : _bill. ; _c17 cm. _emaps |
||
| 526 |
_a0 _b0 _c0 _d620_004202850000000_KEN |
||
| 526 |
_a0 _b0 _c0 _d620_004202850000000_KEN |
||
| 650 |
_aMCE _9379 |
||
| 942 |
_2ddc _cBK |
||
| 999 |
_c544812 _d544812 |
||